| 000 | 01099cam a2200289 a 4500 | ||
|---|---|---|---|
| 001 | 4870701 | ||
| 005 | 20260408102136.0 | ||
| 008 | 921130s1993 enk b 001 0 eng | ||
| 010 | _a 92040412 | ||
| 020 | _a9780192853066 | ||
| 035 | _a4870701 | ||
| 040 |
_aDLC _cDLC _dDLC |
||
| 082 | _a901 COL | ||
| 100 | 1 | _aCollingwood, R. G. | |
| 245 | 1 | 4 |
_aThe idea of history / _cR.G. Collingwood |
| 250 | _aRev. ed., with lectures 1926-1928. | ||
| 260 |
_aOxford : _bOxford University Press, _c1993. |
||
| 300 |
_aliii, 510 p. ; _c23 cm. |
||
| 504 | _aIncludes bibliographical references and index. | ||
| 650 | 0 |
_aHistory _xPhilosophy. |
|
| 700 | 1 | _aDussen, W. J. van der. | |
| 856 | 4 | 2 |
_3Table of contents _uhttps://books.google.co.in/books?id=pTucAQAAQBAJ&pg=PR7&source=gbs_selected_pages&cad=1#v=onepage&q&f=false |
| 906 |
_a7 _bcbc _corignew _d1 _eocip _f19 _gy-gencatlg |
||
| 942 |
_2ddc _cBK |
||
| 999 |
_c10860 _d10860 |
||